| Поле | Инд. | ПП | Название | Значение |
|---|---|---|---|---|
| Тип записи | a | |||
| Библиографический уровень | b | |||
| 001 | Контрольный номер | 167d7236fee94a439c0fa46772658351 | ||
| 005 | Дата корректировки | 20200522192013.5 | ||
| 008 | Кодируемые данные | 20170331 | ||
| 040 | b | Код языка каталог. | rus | |
| e | Правила каталог. | PSBO | ||
| 041 | 0_ | a | Код языка текста | rus |
| 084 | a | Индекс другой классификации/Индекс ББК | 67.401.113(2Рос); 67.401.061.1(2Рос); 67.401.133.12(2Рос) | |
| 100 | 1_ | a | Автор | Сорокина К. А. |
| 245 | 10 | a | Заглавие | Принципы осуществления контрольно-надзорной деятельности в области безопасности дорожного движения |
| 650 | 14 | a | Основная рубрика | право; административное право |
| 653 | 0_ | a | Ключевые слова | безопасность дорожного движения |
| a | Ключевые слова | Госавтоинспекция МВД России | ||
| a | Ключевые слова | государственный контроль | ||
| a | Ключевые слова | государственный надзор | ||
| a | Ключевые слова | общественная безопасность | ||
| a | Ключевые слова | органы внутренних дел (ОВД) | ||
| a | Ключевые слова | полиция | ||
| a | Ключевые слова | правопорядок (правовой порядок) | ||
| a | Ключевые слова | Россия | ||
| a | Ключевые слова | управление в области внутренних дел | ||
| a | Ключевые слова | управление транспортом | ||
| 773 | 08 | t | Заглавие источника | Российская юстиция |
| d | Дата издания источника | 2020 | ||
| g | Прочая информация | № 2. - С. 52 - 56 | ||
| w | Контрольный № источника | bd79b8de93a941129b7f256c84795769 | ||
| 901 | t | Тип документа | b |